[Event "Paraense-ch"]
[Site "Castanhal"]
[Date "2020.11.02"]
[Round "4"]
[White "Pessoa, Andre Joaquim De Pi"]
[Black "De Sena, Antonio W Oliveira"]
[Result "0-1"]
[WhiteElo "1827"]
[BlackElo "1941"]
[PlyCount "65"]
[EventDate "2020.10.31"]
[EventType "swiss"]
[EventRounds "5"]
[EventCountry "BRA"]
[SourceTitle "EXT 2022"]
[Source "ChessBase"]
[SourceDate "2021.10.06"]
[SourceVersion "1"]
[SourceVersionDate "2021.10.06"]
[SourceQuality "1"]

1. e4 d5 2. e5 Bf5 3. d4 e6 4. a3 c5 5. c3 Nc6 6. Bd3 Bxd3 7. Qxd3 cxd4 8. cxd4 Qb6 9. Ne2 f6 10. f4 fxe5 11. fxe5 Nge7 12. Nd2 Nf5 13. Nf3 Be7 14. 0-0 0-0 15. Kh1 Rf7 16. b4 Raf8 17. Bg5 h6 18. Bxe7 Ncxe7 19. g4 Nh4 20. Neg1 Nxf3 21. Rxf3 Nc6 22. Rxf7 Rxf7 23. Ne2 Qd8 24. Kg2 Qg5 25. Kg3 Nxe5 26. dxe5 Qxe5+ 27. Kh3 Qxa1 28. Ng3 Qe1 29. Qb5 d4 30. Qe8+ Rf8 31. Qg6 Qe3 32. Kg2 d3 33. Ne4 0-1

[Event "Belem Gambito da Dama op 1st U2000"]
[Site "Belem"]
[Date "2018.02.03"]
[Round "4.7"]
[White "Pessoa, Andre Joaquim De Pi"]
[Black "Cavalheiro, Alvancir Elves"]
[Result "1-0"]
[WhiteElo "1814"]
[BlackElo "1846"]
[PlyCount "40"]
[EventDate "2018.02.12"]
[EventType "swiss"]
[EventRounds "5"]
[EventCountry "BRA"]
[SourceTitle "EXT 2022"]
[Source "ChessBase"]
[SourceDate "2021.10.06"]
[SourceVersion "1"]
[SourceVersionDate "2021.10.06"]
[SourceQuality "1"]

1. e4 e5 2. f4 Nf6 3. Nc3 d6 4. f5 d5 5. Qe2 d4 6. Nd1 Nbd7 7. Nf3 Bd6 8. d3 h6 9. Qf2 c5 10. Be2 b6 11. Qg3 Rg8 12. 0-0 Bb7 13. Nf2 Qc7 14. a4 c4 15. Nd2 c3 16. Nc4 Bc5 17. Ng4 Nxg4 18. Qxg4 cxb2 19. Nxb2 Ke7 20. Nc4 Kf6 1-0

[Event "Belem zt"]
[Site "Belem"]
[Date "2017.08.18"]
[Round "2"]
[White "Pessoa, Andre Joaquim De Pi"]
[Black "Rodrigues Mota, Sophia Lorena"]
[Result "1-0"]
[WhiteElo "1784"]
[BlackElo "1713"]
[PlyCount "21"]
[EventDate "2017.08.18"]
[EventType "swiss"]
[EventRounds "6"]
[EventCountry "BRA"]
[SourceTitle "CBM 180 Extra"]
[Source "ChessBase"]
[SourceDate "2017.10.06"]
[SourceVersion "1"]
[SourceVersionDate "2017.10.06"]
[SourceQuality "1"]

1. e4 c5 2. Bc4 e6 3. f4 Be7 4. Nf3 d6 5. 0-0 Nd7 6. d4 b6 7. d5 e5 8. fxe5 dxe5 9. d6 Bf6 10. Qd5 Nf8 11. Qxf7# 1-0

[Event "Belem op 2nd"]
[Site "Belem"]
[Date "2017.07.09"]
[Round "5"]
[White "Pessoa, Andre Joaquim De Pi"]
[Black "Albuquerque, Antonio Lazaro"]
[Result "0-1"]
[WhiteElo "1875"]
[BlackElo "1776"]
[PlyCount "25"]
[EventDate "2017.07.07"]
[EventType "swiss"]
[EventRounds "6"]
[EventCountry "BRA"]
[SourceTitle "EXT 2018"]
[Source "ChessBase"]
[SourceDate "2017.10.13"]
[SourceVersion "1"]
[SourceVersionDate "2017.10.13"]
[SourceQuality "1"]

1. e4 c6 2. d4 d5 3. e5 Bf5 4. c4 e6 5. c5 b6 6. b4 a5 7. Qa4 b5 8. Qa3 Nd7 9. Bd2 axb4 10. Qxb4 Nb6 11. Bxb5 cxb5 12. Qxb5+ Nd7 13. c6 0-1

[Event "Belem op 2nd"]
[Site "Belem"]
[Date "2017.07.08"]
[Round "3"]
[White "Pessoa, Andre Joaquim De Pi"]
[Black "De Vilhena, Cleriston Mubarak T"]
[Result "0-1"]
[WhiteElo "1875"]
[BlackElo "1670"]
[PlyCount "47"]
[EventDate "2017.07.07"]
[EventType "swiss"]
[EventRounds "6"]
[EventCountry "BRA"]
[SourceTitle "EXT 2018"]
[Source "ChessBase"]
[SourceDate "2017.10.13"]
[SourceVersion "1"]
[SourceVersionDate "2017.10.13"]
[SourceQuality "1"]

1. e4 c5 2. Bc4 e6 3. Nf3 d5 4. Bb5+ Bd7 5. Bxd7+ Qxd7 6. e5 Nc6 7. 0-0 Nge7 8. d4 cxd4 9. Nxd4 Nxe5 10. Re1 N7c6 11. Bf4 Nxd4 12. Qxd4 Nc6 13. Qd1 Bd6 14. Bxd6 Qxd6 15. Nc3 0-0 16. Qh5 Nb4 17. Re2 Rac8 18. a3 Qa6 19. Rd1 Nc6 20. Rd3 Ne7 21. Rh3 h6 22. g4 Rxc3 23. Rxc3 Qxe2 24. Qg6 0-1

[Event "Belem op 2nd"]
[Site "Belem"]
[Date "2017.07.08"]
[Round "4"]
[White "Ribeiro, Carlos Henrique Cal"]
[Black "Pessoa, Andre Joaquim De Pi"]
[Result "0-1"]
[WhiteElo "1486"]
[BlackElo "1875"]
[PlyCount "69"]
[EventDate "2017.07.07"]
[EventType "swiss"]
[EventRounds "6"]
[EventCountry "BRA"]
[SourceTitle "EXT 2018"]
[Source "ChessBase"]
[SourceDate "2017.10.13"]
[SourceVersion "1"]
[SourceVersionDate "2017.10.13"]
[SourceQuality "1"]

1. c4 e5 2. g3 Bc5 3. Bg2 c6 4. Nc3 a6 5. e3 Nf6 6. d4 exd4 7. exd4 Be7 8. d5 d6 9. Nge2 0-0 10. 0-0 Bg4 11. Qc2 h6 12. Nf4 Qc8 13. Re1 Bd8 14. h3 Bf5 15. Qe2 Nbd7 16. g4 Bh7 17. Be3 c5 18. h4 Ne5 19. g5 Nfg4 20. Bh3 hxg5 21. hxg5 Bf5 22. Bg2 Bxg5 23. Rad1 Re8 24. b3 Nxe3 25. fxe3 Bg4 26. Qf2 Bxd1 27. Rxd1 Qg4 28. Rf1 Nd3 29. Qf3 Qxf3 30. Rxf3 Ne1 31. Rg3 Bxf4 32. exf4 Nxg2 33. Kxg2 Re1 34. Kf2 Ree8 35. Rg1 0-1

[Event "Parauapebas CXCP op 1st"]
[Site "Parauapebas"]
[Date "2017.03.05"]
[Round "6.7"]
[White "Pessoa, Andre Joaquim De Pi"]
[Black "Silva, Janio Santos"]
[Result "0-1"]
[WhiteElo "1869"]
[BlackElo "1931"]
[PlyCount "118"]
[EventDate "2017.03.03"]
[EventType "swiss"]
[EventRounds "6"]
[EventCountry "BRA"]
[SourceTitle "EXT 2022"]
[Source "ChessBase"]
[SourceDate "2021.10.06"]
[SourceVersion "1"]
[SourceVersionDate "2021.10.06"]
[SourceQuality "1"]

1. e4 c5 2. Bc4 Nc6 3. a3 Nf6 4. d3 g6 5. Nc3 Bg7 6. Nf3 0-0 7. 0-0 d6 8. h3 Be6 9. Nd5 Nd7 10. Ng5 Bxd5 11. Bxd5 e6 12. Ba2 b5 13. c3 a5 14. Bf4 Qe7 15. Nf3 b4 16. Qc1 Nde5 17. Ne1 Rfc8 18. Bh6 Bh8 19. f4 bxc3 20. bxc3 Nd7 21. Rb1 Rcb8 22. Bg5 Bf6 23. Rxb8+ Rxb8 24. Bh6 Nf8 25. Nf3 Qb7 26. Rf2 Qb5 27. Qc2 Nd7 28. Kh1 Nb6 29. e5 Be7 30. exd6 Bxd6 31. c4 Qa4 32. Qc3 Bf8 33. Bxf8 Rxf8 34. Bb3 Qxa3 35. Ra2 Qb4 36. Qc2 Rd8 37. Rb2 Nd4 38. Nxd4 Qe1+ 39. Kh2 Rxd4 40. Rb1 Qe3 41. Ba2 Qxf4+ 42. Kg1 Nd7 43. Qe2 Ne5 44. Rb8+ Kg7 45. Rb3 Nxc4 46. dxc4 Rd2 47. Qe1 Rxa2 48. Rf3 Qd4+ 49. Kh2 h5 50. Qg1 f5 51. Qb1 Rb2 52. Qe1 Qd6+ 53. Kh1 a4 54. Ra3 Rd2 55. Qa1+ e5 56. Qc3 Rd1+ 57. Kh2 Qd4 58. Qa5 Qf4+ 59. Rg3 Rd3 0-1

[Event "Belem FEXPA op 1st"]
[Site "Belem"]
[Date "2017.02.03"]
[Round "1"]
[White "Pessoa, Andre Joaquim De Pi"]
[Black "Ribeiro, Carlos Henrique Cal"]
[Result "1-0"]
[WhiteElo "1874"]
[BlackElo "1803"]
[PlyCount "24"]
[EventDate "2017.02.03"]
[EventType "swiss"]
[EventRounds "6"]
[EventCountry "BRA"]
[SourceTitle "CBM 176 Extra"]
[Source "ChessBase"]
[SourceDate "2017.03.02"]
[SourceVersion "1"]
[SourceVersionDate "2017.03.02"]
[SourceQuality "1"]

1. e4 Nf6 2. e5 Nd5 3. Bc4 e6 4. d4 Nb6 5. Bb3 d5 6. Nf3 c5 7. c3 Nc6 8. 0-0 Bd7 9. Bc2 Be7 10. b3 c4 11. Be3 Rc8 12. b4 a6 1-0